Geography Ending in O - Statistics

General Stats
  • This quiz has been taken 42,058 times
  • The average score is 13 of 20
Answer Stats
Hint Answer % Correct
Most populous city on the Nile River Cairo
95%
City whose name is an anagram of Tokyo Kyoto
91%
Country completely surrounded by South Africa Lesotho
90%
Country which Serbia considers to be a breakaway province Kosovo
84%
Canada's most populous province Ontario
84%
Capital of Uruguay Montevideo
74%
Richest country by per-capita income Monaco
73%
Second largest city in Portugal Porto
72%
Highest U.S. state by average elevation Colorado
70%
The only national capital whose name starts with Q Quito
70%
Rainier, Fuji, or Pinatubo e.g. Volcano
67%
Spanish word for river Río
65%
Largest city in Sri Lanka Colombo
63%
Northernmost of Japan's four main islands Hokkaido
59%
Largest island in Asia Borneo
55%
City home to the world's tallest building from 1973–1998 Chicago
51%
Capital of the Inca Empire Cusco
39%
Suburb of Johannesburg whose name is an acronym of South West Townships Soweto
33%
City in Palestine which has been inhabited for more than 10,000 years Jericho
29%
Latin American term for a person of mixed European and Indigenous descent Mestizo
27%
No matching quizzes found
Score Distribution
Percent of People with Each Score
Percentile by Number Answered
Your Score History
You have not taken this quiz